تأثير إكتشافات الغاز على السياسة الخارجية الإسرائيلية تجاه دول شرق المتوسط خلال الفترة من 2009 حتى 2023 / (رقم التسجيلة. 178460)
[ عرض عادي ]
| 000 -LEADER | |
|---|---|
| fixed length control field | 04220namaa22004211i 4500 |
| 003 - CONTROL NUMBER IDENTIFIER | |
| control field | OSt |
| 005 - أخر تعامل مع التسجيلة | |
| control field | 20260414130831.0 |
| 008 - FIXED-LENGTH DATA ELEMENTS--GENERAL INFORMATION | |
| fixed length control field | 250827s2025 ua a|||frm||| 000 0 eng d |
| 040 ## - CATALOGING SOURCE | |
| Original cataloguing agency | EG-GICUC |
| Language of cataloging | ara |
| Transcribing agency | EG-GICUC |
| Modifying agency | EG-GICUC |
| Description conventions | rda |
| 041 0# - LANGUAGE CODE | |
| Language code of text/sound track or separate title | ara |
| Language code of summary or abstract | ara |
| -- | eng |
| 049 ## - Acquisition Source | |
| Acquisition Source | إيداع |
| 082 04 - DEWEY DECIMAL CLASSIFICATION NUMBER | |
| Classification number | 327.569056 |
| 092 ## - LOCALLY ASSIGNED DEWEY CALL NUMBER (OCLC) | |
| Classification number | 327.569056 |
| Edition number | 21 |
| 097 ## - Degree | |
| Degree | مــــاجستير |
| 099 ## - LOCAL FREE-TEXT CALL NUMBER (OCLC) | |
| Local Call Number | Cai01.03.04.M.Sc.2025.أح.ت |
| 100 0# - MAIN ENTRY--PERSONAL NAME | |
| Authority record control number or standard number | ،أحمد فتحى على أحمد |
| Preparation | إعداد. |
| 245 10 - TITLE STATEMENT | |
| Title | تأثير إكتشافات الغاز على السياسة الخارجية الإسرائيلية تجاه دول شرق المتوسط خلال الفترة من 2009 حتى 2023 / |
| Statement of responsibility, etc. | إعداد أحمد فتحى على أحمد؛ إشراف أ .د. دلال محمود، د.مريم عبدالسلام. |
| 246 15 - VARYING FORM OF TITLE | |
| Title proper/short title | The effect of gas discoveries on israeli foreign policy towards east meditterenean countries 2009-2023 / |
| 264 #0 - PRODUCTION, PUBLICATION, DISTRIBUTION, MANUFACTURE, AND COPYRIGHT NOTICE | |
| Date of production, publication, distribution, manufacture, or copyright notice | 2025. |
| 300 ## - PHYSICAL DESCRIPTION | |
| Extent | 161 صفحة : |
| Other physical details | إيضاحيات ؛ |
| Dimensions | 25 سم. + |
| Accompanying material | CD. |
| 336 ## - CONTENT TYPE | |
| Content type term | text |
| Source | rda content |
| 337 ## - MEDIA TYPE | |
| Media type term | Unmediated |
| Source | rdamedia |
| 338 ## - CARRIER TYPE | |
| Carrier type term | volume |
| Source | rdacarrier |
| 502 ## - DISSERTATION NOTE | |
| Dissertation note | أطروحة (ماجستير)-جامعة القاهرة، 2025. |
| 504 ## - BIBLIOGRAPHY, ETC. NOTE | |
| Bibliography, etc. note | ببليوجرافيا: صفحات 147-161. |
| 520 ## - SUMMARY, ETC. | |
| Summary, etc. | قامت الدراسة بتحليل تأثير إكتشافات الغاز على السياسة الخارجية الإسرائيلية تجاه إقليم شرق المتوسط , من خلال الوقوف على أهمية منطقة شرق المتوسط بكافة المجالات وخريطة إكتشافات الغاز بها , فضلاً عن أهداف السياسة الخارجية الإسرائيلية بالإقليم , والمحددات الداخلية والخارجية التى شكلت توجهات السياسة الخارجية الإسرائيلية تجاه الإقليم , وكذلك الأدوات المختلفة التى إعتمدت عليها إسرائيل لخدمة أهدافها , والتحديات التى تواجهها فى تنفيذ سياساتها الخارجية , إلى جانب الرؤية الإستشرافية لمستقبل السياسة الخارجية بالإقليم ,وذلك بإستخدام منهج تحليل السياسة الخارجية ورؤية النظريات " الواقعية - المثالية " تجاه إكتشافات الغاز بإعتبارها أحد موارد الطاقة |
| 520 ## - SUMMARY, ETC. | |
| Summary, etc. | The study analyzed the impact of gas discoveries on Israeli foreign policy toward the Eastern Mediterranean region, examining the importance of the Eastern Mediterranean region in all areas and the map of gas discoveries there, as well as the objectives of Israeli foreign policy in the region, and the internal and external determinants that shaped Israeli foreign policy orientations toward the region.As well as the various tools that Israel has relied on to serve its goals, and the challenges it faces in implementing its foreign policies, in addition to the forward-looking vision for the future of foreign policy in the region, using the approach of foreign policy analysis and the vision of the "realistic-idealistic" theories towards gas discoveries as one of the energy resources |
| 530 ## - ADDITIONAL PHYSICAL FORM AVAILABLE NOTE | |
| Issues CD | صدر أيضًا كقرص مدمج. |
| 546 ## - LANGUAGE NOTE | |
| Text Language | النص بالعربية والملخص باللغة الإنجليزية والعربية. |
| 650 #7 - SUBJECT ADDED ENTRY--TOPICAL TERM | |
| Topical term or geographic name entry element | العلاقات الخارجية |
| Geographic subdivision | إسرائيل |
| -- | شرق الاوسط |
| Source of heading or term | qrmak |
| 653 #0 - INDEX TERM--UNCONTROLLED | |
| Uncontrolled term | السياسة الخارجية الإسرائيلية |
| -- | شرق المتوسط |
| -- | ترسيم الحدود البحرية |
| 700 0# - ADDED ENTRY--PERSONAL NAME | |
| Personal name | دلال محمود |
| Relator term | مشرف أطروحة. |
| 700 0# - ADDED ENTRY--PERSONAL NAME | |
| Personal name | مريم عبدالسلام |
| Relator term | مشرف أطروحة. |
| 900 ## - Thesis Information | |
| Grant date | 01-01-2025 |
| Supervisory body | دلال محمود |
| -- | مريم عبدالسلام |
| Discussion body | محمود إسماعيل محمد |
| -- | حسن سلامة |
| Universities | جامعة القاهرة |
| Faculties | كلية الاقتصاد والعلوم السياسية |
| Department | قسم علاقات دولية |
| 905 ## - Cataloger and Reviser Names | |
| Cataloger Name | Sara Salah |
| Reviser Names | Afaf |
| 942 ## - ADDED ENTRY ELEMENTS (KOHA) | |
| Source of classification or shelving scheme | Dewey Decimal Classification |
| Koha item type | Thesis |
| Edition | 21 |
| Suppress in OPAC | No |
| Source of classification or shelving scheme | Home library | Current library | Date acquired | Inventory number | Full call number | Barcode | Date last seen | Effective from | Koha item type |
|---|---|---|---|---|---|---|---|---|---|
| Dewey Decimal Classification | المكتبة المركزبة الجديدة - جامعة القاهرة | قاعة الرسائل الجامعية - الدور الاول | 15.02.2026 | 32971 | Cai01.03.04.M.Sc.2025.أح.ت | 01010100032971000 | 15.02.2026 | 15.02.2026 | Thesis |